LEADER 00968nam a2200265 i 4500 001 000000116926 003 CaOOAMICUS 005 20030703000000.0 008 030703s1983 it u000 u ita u 013 $a89615 040 $aSeMil$bita 100 1 $aCorbin, Henry,$d<1903-1978>.$0(OLS)http://semarc/name/8649 245 12$aL'immagine del tempio /$cHenry Corbin. 260 $aTorino :$bBoringhieri,$ccopyr. 1983. 300 $a299 p., [12] c. di tav. ;$c23 cm. 490 0 $aSaggi 500 $aFondo Card. C.M. Martini. 650 4$aReligione e filosofia.$0(OLS)http://semarc/subject/9253 830 0$aSaggi.$0(OLS)http://semarc/title/341 850 $aSeMil 852 $aSeMil$W1$xVenegono$y1$m2R IV 46$j72326$B72326$CSeMilBibl$Z2$F101662 $81 941 1 $a4 961 $aOmaggio: Martini Card. Carlo Maria 996 $6245$aL'immagine del tempio$9(OLS)http://semarc/title/171523 996 $6260$aTorino :$bBoringhieri$9(OLS)http://semarc/publisher/30229 LEADER 01192nam a2200265 i 4500 001 000000119145 003 CaOOAMICUS 005 20031029000000.0 008 031029s2002 it u000 u ita u 013 $a91838 020 $a88-7402-004-X 040 $aSeMil$bita 100 1 $aDaiker, Angelika.$0(OLS)http://semarc/name/49701 240 10$aÜber Grenzen geführt.$0(OLS)http://semarc/title/175089 245 10$aAl di là delle frontiere :$bvita e spiritualità di piccola sorella Magdeleine /$cAngelika Daiker. 260 $aCantalupa (Torino) :$bEffatà,$ccopyr. 2002. 300 $a254 p. ;$c22 cm. 500 $aContiene : Tavola cronologica ; Chiese orientali ; Bibliografia. 600 04$aMagdeleine : de Jésus.$0(OLS)http://semarc/subject/22291 850 $aSeMil 852 $aSeMil$W1$xVenegono$y1$m769 1 12 *$j74387$B74387$CSeMilBibl$Z2$F76835 $81 961 $aAcquisto: Àncora (Libreria) 996 $6020$a88-7402-004-X$9(OLS)http://semarc/number/103946 996 $6245$aAl di là delle frontiere :$bvita e spiritualità di piccola sorella Magdeleine$9(OLS)http://semarc/title/175088 996 $6260$aCantalupa (Torino) :$bEffatà$9(OLS)http://semarc/publisher/30780